Del protestantismo y de todas las herejías en su relación con el socialismo (Record no. 160656)

MARC details
000 -LEADER
campo de control de longitud fija 00997nam a2200229 i 4500
001 - NÚMERO DE CONTROL
campo de control 160656
003 - IDENTIFICADOR DE NÚMERO DE CONTROL
campo de control ES-MaACL
005 - FECHA Y HORA DE LA ÚLTIMA TRANSACCIÓN
campo de control 20250627063655.0
008 - DATOS DE LONGITUD FIJA--INFORMACIÓN GENERAL
campo de control de longitud fija 931025s1853 sp |||| | spa d
100 1# - ENTRADA PRINCIPAL--NOMBRE DE PERSONA
Nombre de persona Nicolas, Auguste,
Fechas asociadas al nombre 1807-1888
9 (RLIN) 130468
245 10 - MENCIÓN DEL TÍTULO
Título Del protestantismo y de todas las herejías en su relación con el socialismo
Resto del título : precedido del examen de un escrito del Sr. Guizot /
Mención de responsabilidad, etc. por Augusto Nicolas ; traducción de Joaquín Roca y Cornet.
260 ## - PUBLICACIÓN, DISTRIBUCIÓN, ETC.
Lugar de publicación, distribución, etc. Barcelona :
Nombre del editor, distribuidor, etc. Librería Religiosa,
Fecha de publicación, distribución, etc. 1853 (
Fabricante Imp. de Pablo Riera)
300 ## - DESCRIPCIÓN FÍSICA
Extensión 438 p. ;
Dimensiones 22 cm.
530 ## - NOTA DISPONIBLE DE FORMULARIO FÍSICO ADICIONAL
Nota de formato físico adicional disponible Disponible en formato digital.
597 ## - NOTA DE DESCRIPCIÓN FÍSICA
NOTA DE DESCRIPCIÓN FÍSICA Signaturizado.
597 ## - NOTA DE DESCRIPCIÓN FÍSICA
NOTA DE DESCRIPCIÓN FÍSICA Antep.
650 #4 - PUNTO DE ACCESO ADICIONAL DE MATERIA--TÉRMINO DE MATERIA
Término de materia o nombre geográfico como elemento de entrada Socialismo y cristianismo-
Subdivisión general Iglesias protestantes.
9 (RLIN) 152109
700 1# - ENTRADA AGREGADA--NOMBRE PERSONAL
Nombre de persona Roca y Cornet, Joaquín,
Fechas asociadas al nombre 1804-1873
9 (RLIN) 131904
852 ## - LOCALIZACIÓN
Ubicación ES-MaACL
Número de control de estantería G-8900
Nota libre - Enc. pasta española
856 ## - LOCALIZACIÓN Y ACCESO ELECTRÓNICOS
Identificador Uniforme de Recursos <a href="http://bdh-rd.bne.es/viewer.vm?id=0000074665&page=1 ">http://bdh-rd.bne.es/viewer.vm?id=0000074665&page=1 </a>
Nota pública Biblioteca Digital Hispánica
Holdings
Estatus retirado Estado de pérdida Estado de daño No para préstamo Colección Biblioteca de origen Biblioteca actual Ubicación en estantería Fecha de adquisición Fuente de adquisición Total de préstamos Signatura topográfica completa Código de barras Visto por última vez Precio de reemplazo Tipo de ítem Koha
        Colección digital Biblioteca del Ateneo de Madrid Biblioteca del Ateneo de Madrid Sala Pecera Planta 3 17/01/2008     G-8900 1168217 23/02/2023 23/02/2023 Libro impreso antiguo